Missing Word: Benicio del Toro Quiz Stats

Quiz Updated Oct 18, 2017

Challenge
Share
Tweet
Embed
Score 0/20 Timer 04:00
0 Plays Today
Film Missing Word % Correct
The _____ SuspectsUsual
96.4%
_____ and Loathing in Las VegasFear
93.7%
Sin _____City
91.9%
Christopher _____: The DiscoveryColumbus
87%
_____ of the GalaxyGuardians
86.6%
Swimming with _____Sharks
76.7%
Money for _____Nothing
75.7%
Things We _____ in the FireLost
61.1%
_____ to KillLicence
48.3%
21 _____Grams
44.6%
Film Missing Word % Correct
Excess _____Baggage
42.2%
Escobar: _____ LostParadise
35.6%
The _____ of the GunWay
27.7%
The Little _____Prince
25.9%
A Perfect _____Day
20.5%
_____ ViceInherent
19.7%
The Indian _____Runner
14.9%
_____: Part One/TwoChe
12.5%
_____ MoonChina
6.3%
_____ P.Jimmy
5.3%

Today's Daily Dose

Missing Word
1971 Movies A-Z

Word Ladder
Complete Tour

Quick Pick
Logo Colors

On This Day
January 19th

You're not logged in!

Compare scores with friends on all Sporcle quizzes.
Sign Up with Email
OR
Log In

You Might Also Like...

Show Comments

Extras

Top Quizzes Today


Score Distribution

Your Account Isn't Verified!

In order to create a playlist on Sporcle, you need to verify the email address you used during registration. Go to your Sporcle Settings to finish the process.